| 000 | 00676nam a2200193Ia 4500 | ||
|---|---|---|---|
| 001 | 3210 | ||
| 003 | GE_BSU | ||
| 008 | 181216s||||||||xx |||||||||||||| ||und|| | ||
| 040 | _cGE_BSU | ||
| 080 | _a62(038)81,374.822=11=161.1 | ||
| 245 | _aНемецко-Русский политехнический словарь=DEUTSCH-RUSSISCHES POLYTECHNISCHES WORTERUCH. | ||
| 245 | _cРед.Б.А.Богомолов, А.М.Баранов, И.И.Муронец и др. | ||
| 260 | _aМ. | ||
| 260 | _bФизматгиз. | ||
| 260 | _c1963. | ||
| 300 | _a812 стр. 26 см. | ||
| 653 | _aНЕмецко-Русский политехнический словарь. | ||
| 942 | _cBK | ||
| 999 |
_c37251 _d37251 |
||